00541 2200193 4500001002100000005001500021035002000036007000300056008004100059100002100100245006800121250001100189260002900200300004600229650002300275600001100298020002200309990001600331INLIS00000000000063020221128105828 a0010-1122000224ta221128 b 1 ind 0 aImtihani Salimah1 aKisah Umar: Ayo Shalat :bAgar Lebih shaleh /cImtihani Salimah aCet. I aJakarta :bLuxima,c2015 a42 halaman :bilustrasi berwarna ;c20 cm 4aBacaan Anak Muslim 4aShalat a978-602-268-083-3 a00000000769